Historia de los estilos artísticos
Guardat en:
| Autor principal: | |
|---|---|
| Format: | Llibre |
| Idioma: | espanyol |
| Publicat: |
Madrid, España
Istmo
1981
|
| Edició: | Cuarta edición |
| Col·lecció: | Colección fundamentos,
36 |
| Matèries: | |
| Etiquetes: |
Afegir etiqueta
Sense etiquetes, Sigues el primer a etiquetar aquest registre!
|
MARC
| LEADER | 00000nam a2200000 a 4500 | ||
|---|---|---|---|
| 001 | UCY9029 | ||
| 003 | CL-VaPUC | ||
| 005 | 20240703150518.0 | ||
| 008 | 950707e19810500SP |||||||||||||||||spa|d | ||
| 999 | |c 236203 |d 236201 | ||
| 040 | |c Pontificia Universidad Católica de Valparaíso | ||
| 082 | 0 | 4 | |a 700.9 HAT 1981 |2 21 |
| 100 | 0 | |a Hatje, Ursula |e author |9 341003 | |
| 245 | 1 | 0 | |a Historia de los estilos artísticos |
| 250 | |a Cuarta edición | ||
| 260 | |a Madrid, España |b Istmo |c 1981 | ||
| 300 | |a volúmenes | ||
| 490 | 0 | |a Colección fundamentos, |v 36 | |
| 500 | |a v.1: Desde la antigüedad hasta el gótico | ||
| 500 | |a v.2: Desde el Renacimiento hasta el tiempo presente | ||
| 583 | |a last modification |c 19950707 00:00:00 |k Rodrigo Vera | ||
| 650 | 0 | |a Bellas artes |9 334299 | |
| 650 | 0 | |a Estilos artísticos |9 340996 | |
| 650 | 0 | |a Arte bizantino |9 267895 | |
| 650 | 0 | |a Arte clásico |9 341004 | |
| 650 | 0 | |a Historia |9 255047 | |
| 650 | 0 | |a Arte medieval |9 267894 | |
| 650 | 0 | |a Arquitectura |9 804558 | |
| 651 | 0 | |a Grecia |9 265314 | |
| 651 | 0 | |a Roma |9 255106 | |
| 651 | 0 | |a Alemania |9 255688 | |
| 651 | 0 | |a Francia |9 255157 | |
| 651 | 0 | |a Inglaterra |9 255158 | |
| 651 | 0 | |a España |9 254926 | |
| 651 | 0 | |a Italia |9 254949 | |
| 942 | |c BK |2 ddc | ||
| 945 | |d 19950707 00:00:00 |a cmena | ||
| 952 | |0 0 |1 0 |2 ddc |4 0 |6 700_900000000000000_HAT_1981 |7 0 |8 P |9 244139 |a BIBEDU |b BIBEDU |c BIBEDU_PB |d 2019-11-18 |h v.1 |i 1531263 |o 700.9 HAT 1981 |p 1531263 |r 2024-01-25 |t 2 |w 2019-11-18 |y BK |k EDU | ||
| 952 | |0 0 |1 0 |2 ddc |4 0 |6 700_900000000000000_HAT_1981 |7 0 |8 A |9 244140 |a BIBHIS |b BIBHIS |d 2019-11-18 |h v.1 |i 136295K |o 700.9 HAT 1981 |p 136295K |r 2025-01-20 |t 1 |w 2019-11-18 |y BK |k HIS | ||
| 952 | |0 0 |1 0 |2 ddc |4 0 |6 700_900000000000000_HAT_1981 |7 0 |8 A |9 244141 |a BIBHIS |b BIBHIS |d 2019-11-18 |h v.2 |i 1362968 |o 700.9 HAT 1981 |p 1362968 |r 2025-01-20 |t 1 |w 2019-11-18 |y BK |k HIS | ||